Countries by National Epics - Statistics

General Stats
  • This quiz has been taken 65 times
  • The average score is 12 of 16
Answer Stats
Epic Country % Correct
Divine Comedy Italy
100%
the Iliad Greece
98%
Faust Germany
95%
Ramayana India
95%
The Tale of Genji Japan
93%
The Song of Roland France
89%
The Song of Hiawatha United States
87%
Journey to the West China
84%
Beowulf England
84%
Shahnameh Iran
80%
Osman's Dream Turkey
80%
William Tell Switzerland
70%
Kalevipoeg Estonia
41%
Martin Fierro Argentina
39%
The Epic of Sundiata Mali
26%
Epic of Manas Kyrgyzstan
21%
No matching quizzes found
Score Distribution
Percent of People with Each Score
Percentile by Number Answered
Your Score History
You have not taken this quiz